ბათუმის შოთა რუსთაველის სახელმწიფო უნივერსიტეტის ბიბლიოთეკა

მშენებლობის ორგანიზაცია, მექანიზაცია, ავტომატიზაცია, დაგეგმვა და მენეჯმენტი. წ.3 (ბიბ.ჩანაწერი № 43766)

000 -LEADER
fixed length control field 01240nam a2200253Ia 4500
001 - CONTROL NUMBER
control field 10511
003 - CONTROL NUMBER IDENTIFIER
control field GE_BSU
008 - FIXED-LENGTH DATA ELEMENTS--GENERAL INFORMATION
fixed length control field 181216s||||||||xx |||||||||||||| ||und||
020 ## - INTERNATIONAL STANDARD BOOK NUMBER
International Standard Book Number 9789941910739
040 ## - CATALOGING SOURCE
Transcribing agency GE_BSU
080 ## - UNIVERSAL DECIMAL CLASSIFICATION NUMBER
Universal Decimal Classification number 69:658+693
100 ## - MAIN ENTRY--PERSONAL NAME
Personal name ბიჭიაშვილი,ჯონი; სიჭინავა,გიორგი.
245 ## - TITLE STATEMENT
Title მშენებლობის ორგანიზაცია, მექანიზაცია, ავტომატიზაცია, დაგეგმვა და მენეჯმენტი. წ.3
245 ## - TITLE STATEMENT
Remainder of title მშენებლობის ავტომატიზაცია
245 ## - TITLE STATEMENT
Statement of responsibility, etc. საერთ.რედ: არჩილ ფრანგიშვილი, ჯონი ბიჭიაშვილი.
260 ## - PUBLICATION, DISTRIBUTION, ETC.
Place of publication, distribution, etc. თბილისი
260 ## - PUBLICATION, DISTRIBUTION, ETC.
Name of publisher, distributor, etc. ლეგა.
260 ## - PUBLICATION, DISTRIBUTION, ETC.
Date of publication, distribution, etc. 2009.
300 ## - PHYSICAL DESCRIPTION
Extent 800გვ;20სმ.
300 ## - PHYSICAL DESCRIPTION
Accompanying material ბიბლიოგრ.:გვ.787-792
653 ## - INDEX TERM--UNCONTROLLED
Uncontrolled term მშენებლობის ორგანიზაცია,მექანიზაცია, ავტომატიზაცია, დაგეგმვა და მენეჯმენტი.
942 ## - ADDED ENTRY ELEMENTS (KOHA)
Koha item type წიგნი
ეგზემპლარები
Withdrawn status Lost status Damaged status Not for loan Date acquired Barcode Date last seen Price effective from Koha item type Public note
        2018-12-17 34690 2018-12-17 2018-12-17 წიგნი 01/01
        2018-12-17 34691 2018-12-17 2018-12-17 წიგნი  
        2018-12-17 34692 2018-12-17 2018-12-17 წიგნი  
        2018-12-17 34693 2018-12-17 2018-12-17 წიგნი  
        2018-12-17 34694 2018-12-17 2018-12-17 წიგნი  
        2018-12-17 34695 2018-12-17 2018-12-17 წიგნი  
        2018-12-17 34696 2018-12-17 2018-12-17 წიგნი  
        2018-12-17 34697 2018-12-17 2018-12-17 წიგნი  
        2018-12-17 34698 2018-12-17 2018-12-17 წიგნი  
        2018-12-17 34699 2018-12-17 2018-12-17 წიგნი